Pays qui contiennent la lettre H - Statistiques

Statistiques générales
  • Ce quiz a été pris 416 fois
  • Le résultat moyen est 16 sur 27
Statistiques - réponses
Indice Pays % Correct
1 x H Honduras
90%
1 x H Hongrie
88%
1 x H Chine
86%
1 x H Chili
73%
1 x H Afghanistan
72%
1 x H Haïti
71%
1 x H Kazakhstan
64%
1 x H Kirghizistan
62%
1 x H Chypre
60%
1 x H Bhoutan
59%
1 x H Thaïlande
58%
1 x H Philippines
56%
1 x H Bahreïn
55%
1 x H Bahamas
54%
1 x H Ghana
54%
1 x H Éthiopie
52%
1 x H Bangladesh
50%
2 x H Saint-Christophe-et-Niévès
50%
1 x H République Tchèque
49%
1 x H Érythrée
48%
1 x H Liechtenstein
48%
1 x H Bosnie-Herzégovine
47%
1 x H Lesotho
47%
1 x H Seychelles
45%
1 x H Tchad
45%
1 x H Autriche
40%
1 x H Îles Marshall
39%
Aucun quiz correspondant
Distribution des résultats
% des personnes avec chaque résultat
Percentile par nombre de réponses
Votre historique - résultats
Vous n’avez pas pris ce quiz